00911nam a22002297a 4500003000500000005001700005008004100022010001100063011001100074035001100085040000900096100003000105245016300135260004100298500006000339502012100399650002800520650002500548650002800573856006400601856001600665CHAP20220329143929.0070912s2012 mx r 00010 spa d a103887 a104859 a115549 cCHAP1 aColchado Salazar, Rodolfo12aExpansión forrajera y la productividad economica del sector agricola del DR-005, Delicias, Chihuahua, 1999 2008h[En línea]c/por Rodolfo Colchado Salazar aChapingo, Méx. :bEl autor,c2007. aPara ver el contenido del material haga clic en la liga aTesis (Ing. Agrónomo en Sistemas Pecuarios de Zonas Aridas) -- UACH. Unidad Regional Universitaria de Zonas Aridas04aAgriculturaxChihuahua.04aForrajesxChihuahua.04aForrajesxProducción. 3Finding aiduhttp://10.13.5.2/tesis/115549.pdfzTeclea aqui a1 n0001660